01610nam a22001817a 4500003001000000005001700010008004100027040001400068041000700082100002000089245007000109260002900179300001100208500005100219520112000270650002001390654001801410IT-MiCISF20180111154544.0180111b xxu||||| |||| 00| 0 eng d cIT-MiCISF ait aNicoletti Paola aRaccontami il mare che hai dentrobVivere con un figlio autistico aBolognabPendragonc2017 app. 95 agenitorialità, disturbi-sviluppo, esperienze aL’A. è una madre che da qualche anno ha iniziato a usare la parola scritta per liberare, comunicandole, le sue emozioni e i suoi sentimenti, che nel suo caso, in quanto madre di Gabriele, affetto da autismo, colpiscono al cuore come tanti strali. Questo suo libro-testimonianza, scritto per così dire in “presa diretta”, sa illustrare più e meglio di tanti saggi accademici la realtà di una famiglia che si trova improvvisamente catapultata sul fronte di una battaglia durissima che non si aspettava, che non prevedeva e non conosceva. E da cui eppure si può anche uscire vincitori, come testimoniano le ultime righe del libro: «L'amore per il mare è tipico dell'autismo: l'acqua placa, rasserena, avvolge, attutisce i rumori del mondo. Il mare è quello che vedo dentro mio figlio quando lo inseguo e scruto nei suoi occhi scuri come bottoni neri. Forse le cose in futuro miglioreranno, forse invece sarà sempre più difficile. Nel frattempo mi auguro di esserci il più a lungo possibile, per lui, per le mie figlie, per me. Perché questa vita è difficile, ma è la mia, e mi piace». agenitorialità atestimonianza